000 00491nam a22001697a 4500
005 20251108170911.0
008 250721s1978 xx 000 0 ara d
082 1 4 _aط/633.7/سمي
100 1 _aسميث، مايكل
245 1 0 _aالشوكولاته والكاكاو /
264 1 _aبيروت :
_bمكتبة لبنان،
_c1978.
300 _a50ص
650 1 7 _aالشوكولاته
700 1 _aالخطيب، أحمد شفيق
_eترجمة
942 _2ddc
_cBK
999 _c51674
_d51674